000 00523cam a22002171 4500
001 sa 67002340
003 DLC
005 20260227112330.0
008 890814s1963 xx 000 0 ben
010 _asa 67002340
035 _a(OCoLC)23577272
040 _aDLC
_cMiU
_dDLC
042 _apremarc
050 0 0 _aP121
_b.M673
100 1 _aMojumder, Atindra.
245 1 0 _aBhāshātativa.
260 _c[1963]
300 _a121, 109, 9 p.
_bmap,
_c23 cm.
500 _aIn Bengali.
650 0 _aLanguage and languages
999 _c73206
_d73206